000 00900nam a2200229Ii 4500
003 JO-AjNU
008 230605s9999||||xx |||||||||||||| ||und||
017 _a2010/7/2665
020 _a978-9957-70-437-7
040 _aJO-AjNU
_bara
_erda
_cJO-AjNU
041 _aara
050 1 4 _aBF723.A2836 2011
100 3 _aأبو غزال، معاوية محمود,
_eauthor
_931134
245 0 0 _aالنمو الإنفعالي والإجتماعي: من الرضاعة الى المراهقة= Social and Emotional Development: from Infancy to Adolescence
250 _aط1
264 3 1 _aاربد: عالم الكتب الحديث، 2011
300 _a324ص
_bقائمة المراجع ص 299-324
336 _atext
_btxt
_2rdacontent
337 _aunmediated
_bn
_2rdamedia
338 _avolume
_bnc
_2rdacarrier
650 4 _aالاطفال- علم النفس- الانفعالات النفسية
_931135
999 _aA12420
_c15988
_d15988